LDR 00820naa#a2200169#i#450# 001 RU\\bibl\126640 005 20260703184932.5 011 ## _a2587-6740 100 ## _a20260615b2026####ek#y0rusy0150####ca 102 ## _aRU 200 1# _aМетодика анализа финансовой устойчивости предприятий малого агробизнеса на основе индикативного подхода _eЖурнальная статья 210 1# _aМосква _cЭлектронная наука _d2026 215 ## _a3 с. 608 ## _aЖурнальная статья _2local 675 ## _aЭкономическая политика. Управление и планирование в экономике. 338.2 _z 700 #1 _aРешетникова _gНаталия Владимировна 856 4# _aqje.su _u